000
00302nam a22001337a 4500
008
170920b xxu||||| |||| 00| 0 eng d
020
_a
9780231124799
041
_a
eng
080
_2
2ND
_a
7
100
_a
45
101
_a
ART
245
_a
THE FINE ART OF COPYEDITING
_c
STAINTON,E.M
942
_2
udc
_c
BK
999
_c
28495
_d
28495